000 00951nam a2200289 4500
001 178837
003 ES-MaACL
005 20250806063140.0
008 110715s2010 sp |||| |dspa d
020 _a978-84-96764-77-4
080 _a141.32
080 _a13
100 1 _aLizcano, Manuel,
_d1921-2004
_972623
245 1 0 _aTiempo del sobrehombre /
_cManuel Lizcano ; [edición, Emmánuel Lizcano Fernández].
250 _a1ª ed.
260 _aMadrid :
_bInstituto de Estudios Panibéricos ;
_aMálaga :
_bSepha,
_c2010.
300 _a348 p. ;
_c24 cm.
490 1 _aAkademia ;
_v1
500 _aÍndice.
650 7 _aSuperhombre.
_9147358
650 7 _aAntropología filosófica
_2embne
_99891
700 1 _aLizcano, Emmánuel,
_d1950-
_972621
830 0 _aAkademia ;
_v1
_9224348
852 _aES-MaACL
_9185702
_bR.146070
_jA-11349
_cDEPO1
_dOlim: N-4353
_xDonación: Editorial
942 _2udc
999 _c178837
_d178837